Normal view
MARC view
Entry Personal Name
001 - CONTROL NUMBER
- control field: 4870
003 - CONTROL NUMBER IDENTIFIER
- control field: HDC
005 - DATE AND TIME OF LATEST TRANSACTION
- control field: 20230624073207.0
008 - FIXED-LENGTH DATA ELEMENTS
- fixed length control field: 210117|| aca||aabn | a|a d
040 ## - CATALOGING SOURCE
- Original cataloging agency: HDC
- Transcribing agency: HDC
100 ## - HEADING--PERSONAL NAME
- Personal name: Shakona, Maloud
670 ## - SOURCE DATA FOUND
- Source citation: Work cat.: (HDC): Shakona, Maloud author, Understanding the traveling behavior of Muslims in the United States, 2015
